00528nam a22001697a 450000500170000001000150001702000260003203500140005803700130007208200130008510000200009824500510011826000450016927000660021430000230028050000550030320181030121621.0 aENG-124407 a9780199476510c695.00 aEN-107939 bDBAD/PUB a301.0954 aGupta, Dipankar aQ.E.D. Indian test theory /cby Dipankar Gupta aNew DelhibOxford University Pressc2017 bNew Delhie110002a2/11 Ground Floor, Ansari Road, Daryaganj, axi,224pc22cm.(Hb) aIt includes references, index and about the author